| 000 | 00303nam a22001097a 4500 | ||
|---|---|---|---|
| 999 |
_c14099 _d14099 |
||
| 020 | _a9789350300626 | ||
| 082 |
_a631.56 _bSIN/PO |
||
| 100 |
_aSingh, D.S _991 |
||
| 245 | _aPost-harvest physiology and storage of tropical and subtropical fruits | ||
| 260 |
_aJaipur _bOxford Book Company _c2012 |
||
| 942 | _cBK | ||